000 00214nam a2200097Ia 4500
008 240331s9999 xx 000 0 und d
082 _bITH
100 _aJayasankar,V. ed
245 0 _aIthu emathu padaippu
942 _cL
999 _c3667
_d3667